Vzdelávanie pomocou využitia nástrojov aktívnej politiky trhu práce ako základ rozvoja ľudských zdrojov : Diplomová práca

Saved in:
Bibliographic Details
Main Author: Petrík, Karol (Author)
Other Authors: Bestvinová, Viera, 1958- (xxx)
Format: Manuscript Book
Language:Slovak
Published: Trnava : STU v Bratislave MtF KPIM, 2006
Subjects:
Tags: Add Tag
No Tags, Be the first to tag this record!

MARC

LEADER 00000ntm a22000003a 4500
001 stu122077
005 20160719155447.0
008 060628s2006----xo------------------slo-d
040 |a STU  |b slo 
041 0 |a slo 
044 |a xo 
100 1 |a Petrík, Karol  |4 aut 
245 1 |a Vzdelávanie pomocou využitia nástrojov aktívnej politiky trhu práce ako základ rozvoja ľudských zdrojov :  |b Diplomová práca 
260 |a Trnava :  |b STU v Bratislave MtF KPIM,  |c 2006 
300 |a 87 s  |c príl (1 CD) 
650 7 |a priemyselné inžinierstvo a manažment  |2 stusub 
650 7 |a vzdelávanie zamestnancov  |2 stusub 
700 1 |a Bestvinová, Viera,  |d 1958-  |4 xxx  |u M4000  |U MTF Materiálovotechnologická fakulta  |T MTF Ústav priemyselného inžinierstva a manažmentu  |X 1541  |U M4000  |Y 84  |7 A000001541 
996 |b 284M073624  |c M*DP-6178  |l MMSKP  |s P  |a 0  |w stu122077_0001